[Event "Stay Safe Play From Home 409"]
[Site "Emanuel Lasker Arena"]
[Date "2020.08.25"]
[Round "4"]
[White "AChessPlayer"]
[Black "Mepe_Nika"]
[Result "0-1"]
[WhiteElo "2396"]
[BlackElo "2393"]
[PlyCount "118"]
[EventDate "2020.08.25"]
[EventType "swiss (blitz)"]

1. Nf3 {[%emt 0:00:01]} Nf6 {[%emt 0:00:01]} 2. g3 {[%emt 0:00:00]} c5 {[%emt 0:00:00]} 3. Bg2 {[%emt 0:00:00]} g6 {[%emt 0:00:01]} 4. O-O {[%emt 0:00:00]} Bg7 {[%emt 0:00:00]} 5. c4 {[%emt 0:00:01]} O-O {[%emt 0:00:00]} 6. Nc3 {[%emt 0:00:00]} d6 {[%emt 0:00:01]} 7. d4 {[%emt 0:00:01]} cxd4 {[%emt 0:00:02]} 8. Nxd4 {[%emt 0:00:00]} Nc6 {[%emt 0:00:00]} 9. Nxc6 {[%emt 0:00:01]} bxc6 {[%emt 0:00:00]} 10. Bxc6 {[%emt 0:00:00]} Rb8 {[%emt 0:00:01]} 11. Bg2 {[%emt 0:00:01]} Be6 {[%emt 0:00:01]} 12. b3 {[%emt 0:00:04]} Qc8 {[%emt 0:00:03]} 13. Bd2 {[%emt 0:00:03]} Bh3 {[%emt 0:00:01]} 14. Rc1 {[%emt 0:00:01]} h5 {[%emt 0:00:02]} 15. Nd5 {[%emt 0:00:03]} Nxd5 {[%emt 0:00:01]} 16. cxd5 {[%emt 0:00:01]} Qd7 {[%emt 0:00:01]} 17. Rc4 {[%emt 0:00:02]} Bxg2 {[%emt 0:00:02]} 18. Kxg2 {[%emt 0:00:01]} Rfc8 {[%emt 0:00:00]} 19. Qc2 {[%emt 0:00:01]} h4 {[%emt 0:00:05]} 20. gxh4 {[%emt 0:00:05]} Rxc4 {[%emt 0:00:02]} 21. Qxc4 {[%emt 0:00:00]} Rc8 {[%emt 0:00:02]} 22. Qe4 {[%emt 0:00:00]} Rc5 {[%emt 0:00:05]} 23. h3 {[%emt 0:00:01]} Qb7 {[%emt 0:00:01]} 24. Be3 {[%emt 0:00:02]} Rxd5 {[%emt 0:00:02]} 25. Kh1 {[%emt 0:00:04]} e6 {[%emt 0:00:04]} 26. Qf3 {[%emt 0:00:02]} Qa6 {[%emt 0:00:02]} 27. a4 {[%emt 0:00:02]} Qb7 {[%emt 0:00:02]} 28. Rb1 {[%emt 0:00:02]} Qb4 {[%emt 0:00:01]} 29. Bxa7 {[%emt 0:00:02]} Qxh4 {[%emt 0:00:02]} 30. Qg3 {[%emt 0:00:02]} Qe4+ {[%emt 0:00:01]} 31. Qf3 {[%emt 0:00:01]} Qxb1+ {[%emt 0:00:00]} 32. Kg2 {[%emt 0:00:01]} Qf5 {[%emt 0:00:01]} 33. Qxf5 {[%emt 0:00:02]} gxf5 {[%emt 0:00:01]} 34. Bb6 {[%emt 0:00:00]} Bd4 {[%emt 0:00:01]} 35. Bc7 {[%emt 0:00:01]} Ba7 {[%emt 0:00:02]} 36. e3 {[%emt 0:00:00]} Rd3 {[%emt 0:00:01]} 37. b4 {[%emt 0:00:01]} Ra3 {[%emt 0:00:01]} 38. a5 {[%emt 0:00:01]} Rb3 {[%emt 0:00:01]} 39. Bxd6 {[%emt 0:00:00]} f6 {[%emt 0:00:03]} 40. Kf3 {[%emt 0:00:00]} Kf7 {[%emt 0:00:00]} 41. Ke2 {[%emt 0:00:00]} e5 {[%emt 0:00:00]} 42. Kd2 {[%emt 0:00:01]} Ke6 {[%emt 0:00:00]} 43. Bf8 {[%emt 0:00:00]} Rb1 {[%emt 0:00:02]} 44. Kc2 {[%emt 0:00:01]} Rh1 {[%emt 0:00:00]} 45. b5 {[%emt 0:00:00]} Rxh3 {[%emt 0:00:00]} 46. b6 {[%emt 0:00:00]} Bb8 {[%emt 0:00:00]} 47. a6 {[%emt 0:00:01]} Rh8 {[%emt 0:00:00]} 48. Bc5 {[%emt 0:00:01]} Rc8 {[%emt 0:00:01]} 49. a7 {[%emt 0:00:00]} Rxc5+ {[%emt 0:00:00]} 50. Kb3 {[%emt 0:00:00]} Bd6 {[%emt 0:00:01]} 51. b7 {[%emt 0:00:00]} Rb5+ {[%emt 0:00:00]} 52. Ka4 {[%emt 0:00:01]} Rxb7 {[%emt 0:00:00]} 53. a8=Q {[%emt 0:00:00]} Rb8 {[%emt 0:00:00]} 54. Qa7 {[%emt 0:00:00]} Rb4+ {[%emt 0:00:00]} 55. Ka5 {[%emt 0:00:01]} Kd5 {[%emt 0:00:00]} 56. Qa8+ {[%emt 0:00:00]} Kc4 {[%emt 0:00:01]} 57. Qg8+ {[%emt 0:00:00]} Kd3 {[%emt 0:00:00]} 58. Ka6 {[%emt 0:00:00]} Ke2 {[%emt 0:00:00]} 59. Ka7 {[%emt 0:00:00]} Ra4+ {[%emt 0:00:00] . . .} 0-1

[Event "Stay Safe Play From Home 409"]
[Site "Emanuel Lasker Arena"]
[Date "2020.08.25"]
[Round "4"]
[White "IceQueen"]
[Black "NTBT_DHS"]
[Result "0-1"]
[WhiteElo "2290"]
[BlackElo "2584"]
[PlyCount "52"]
[EventDate "2020.08.25"]
[EventType "swiss (blitz)"]

1. e4 {[%emt 0:00:01]} g6 {[%emt 0:00:00]} 2. d4 {[%emt 0:00:01]} Bg7 {[%emt 0:00:00]} 3. Nf3 {[%emt 0:00:01]} d6 {[%emt 0:00:00]} 4. Bc4 {[%emt 0:00:01]} Nf6 {[%emt 0:00:01]} 5. Qe2 {[%emt 0:00:03]} O-O {[%emt 0:00:01]} 6. Nc3 {[%emt 0:00:02]} Bg4 {[%emt 0:00:01]} 7. h3 {[%emt 0:00:01]} Bxf3 {[%emt 0:00:00]} 8. gxf3 {[%emt 0:00:00]} Nc6 {[%emt 0:00:00]} 9. Be3 {[%emt 0:00:00]} Nh5 {[%emt 0:00:01]} 10. O-O-O {[%emt 0:00:01]} e5 {[%emt 0:00:01]} 11. dxe5 {[%emt 0:00:01]} Bxe5 {[%emt 0:00:00]} 12. Nd5 {[%emt 0:00:01]} Ne7 {[%emt 0:00:04]} 13. f4 {[%emt 0:00:00]} Bg7 {[%emt 0:00:06]} 14. Nc3 {[%emt 0:00:02]} Re8 {[%emt 0:00:02]} 15. e5 {[%emt 0:00:01]} Nf5 {[%emt 0:00:01]} 16. Rhg1 {[%emt 0:00:02]} Qh4 {[%emt 0:00:03]} 17. Nd5 {[%emt 0:00:03]} dxe5 {[%emt 0:00:05]} 18. Nxc7 {[%emt 0:00:01]} exf4 {[%emt 0:00:00]} 19. Nxe8 {[%emt 0:00:04]} Rxe8 {[%emt 0:00:01]} 20. Rg4 {[%emt 0:00:03]} Qf6 {[%emt 0:00:04]} 21. c3 {[%emt 0:00:07]} fxe3 {[%emt 0:00:02]} 22. fxe3 {[%emt 0:00:00]} Nxe3 {[%emt 0:00:02]} 23. Rd3 {[%emt 0:00:02]} Bh6 {[%emt 0:00:02]} 24. Kb1 {[%emt 0:00:01]} Nf4 {[%emt 0:00:05]} 25. Rxf4 {[%emt 0:00:01]} Qxf4 {[%emt 0:00:00]} 26. a4 {[%emt 0:00:01]} Qxc4 {[%emt 0:00:02] IceQueen resigns IceQueen resigns IceQueen resigns (Lag: Av=0.55s, max=1.0s) (Lag: Av=0.55s, max=1.0s) (Lag: Av=0.55s, max=1.0s)} 0-1

[Event "Stay Safe Play From Home 409"]
[Site "Emanuel Lasker Arena"]
[Date "2020.08.25"]
[Round "4"]
[White "Hickey"]
[Black "Tran Minh Thang"]
[Result "0-1"]
[WhiteElo "2266"]
[BlackElo "2406"]
[PlyCount "86"]
[EventDate "2020.08.25"]
[EventType "swiss (blitz)"]

1. Nf3 {[%emt 0:00:01]} Nf6 {[%emt 0:00:01]} 2. g3 {[%emt 0:00:00]} b6 {[%emt 0:00:00]} 3. Bg2 {[%emt 0:00:00]} Bb7 {[%emt 0:00:00]} 4. O-O {[%emt 0:00:00]} e6 {[%emt 0:00:00]} 5. d4 {[%emt 0:00:00]} Be7 {[%emt 0:00:00]} 6. b3 {[%emt 0:00:01]} O-O {[%emt 0:00:00]} 7. Bb2 {[%emt 0:00:00]} Ne4 {[%emt 0:00:01]} 8. Nbd2 {[%emt 0:00:01]} Nxd2 {[%emt 0:00:00]} 9. Qxd2 {[%emt 0:00:00]} Be4 {[%emt 0:00:01]} 10. c4 {[%emt 0:00:01]} d5 {[%emt 0:00:00]} 11. e3 {[%emt 0:00:01]} Nc6 {[%emt 0:00:01]} 12. Rac1 {[%emt 0:00:01]} Bb4 {[%emt 0:00:04]} 13. Bc3 {[%emt 0:00:01]} a5 {[%emt 0:00:01]} 14. Qb2 {[%emt 0:00:02]} Bxc3 {[%emt 0:00:01]} 15. Qxc3 {[%emt 0:00:00]} Nb4 {[%emt 0:00:00]} 16. Ra1 {[%emt 0:00:03]} f6 {[%emt 0:00:02]} 17. a3 {[%emt 0:00:02]} Na6 {[%emt 0:00:02]} 18. Nd2 {[%emt 0:00:03]} Bxg2 {[%emt 0:00:01]} 19. Kxg2 {[%emt 0:00:00]} c5 {[%emt 0:00:00]} 20. cxd5 {[%emt 0:00:01]} Qxd5+ {[%emt 0:00:01]} 21. Nf3 {[%emt 0:00:00]} cxd4 {[%emt 0:00:01]} 22. Qxd4 {[%emt 0:00:03]} Qxb3 {[%emt 0:00:01]} 23. Rfb1 {[%emt 0:00:01]} Qc2 {[%emt 0:00:02]} 24. Rxb6 {[%emt 0:00:01]} Nc7 {[%emt 0:00:01]} 25. Rab1 {[%emt 0:00:04]} Nd5 {[%emt 0:00:01]} 26. Rxe6 {[%emt 0:00:01]} Rad8 {[%emt 0:00:02]} 27. Qb2 {[%emt 0:00:04]} Qf5 {[%emt 0:00:05]} 28. Ra6 {[%emt 0:00:00]} Qe4 {[%emt 0:00:01]} 29. Qd4 {[%emt 0:00:02]} Nf4+ {[%emt 0:00:01]} 30. gxf4 {[%emt 0:00:01]} Rxd4 {[%emt 0:00:00]} 31. exd4 {[%emt 0:00:01]} Qxb1 {[%emt 0:00:01]} 32. Rxa5 {[%emt 0:00:01]} Qg6+ {[%emt 0:00:01]} 33. Kf1 {[%emt 0:00:01]} Qd3+ {[%emt 0:00:00]} 34. Kg2 {[%emt 0:00:01]} Re8 {[%emt 0:00:01]} 35. Ra7 {[%emt 0:00:10]} Re2 {[%emt 0:00:02]} 36. Ne5 {[%emt 0:00:01]} fxe5 {[%emt 0:00:01]} 37. f5 {[%emt 0:00:01]} Qxf5 {[%emt 0:00:01]} 38. dxe5 {[%emt 0:00:02]} Qxf2+ {[%emt 0:00:01]} 39. Kh3 {[%emt 0:00:00]} Re3+ {[%emt 0:00:01]} 40. Kg4 {[%emt 0:00:00]} Qg2+ {[%emt 0:00:01]} 41. Kf5 {[%emt 0:00:01]} Qg6+ {[%emt 0:00:02]} 42. Kf4 {[%emt 0:00:01]} Qe4+ {[%emt 0:00:03]} 43. Kg5 {[%emt 0:00:01]} h6+ {[%emt 0:00:00] Time Time Time (Lag: Av=0.96s, max=1.5s) (Lag: Av=0.96s, max=1.5s) (Lag: Av=0.96s, max=1.5s)} 0-1

[Event "Stay Safe Play From Home 409"]
[Site "Emanuel Lasker Arena"]
[Date "2020.08.25"]
[Round "4"]
[White "Nguyen Hong Anh"]
[Black "Fat Kevin"]
[Result "1-0"]
[WhiteElo "2243"]
[BlackElo "2038"]
[PlyCount "41"]
[EventDate "2020.08.25"]
[EventType "swiss (blitz)"]

1. d4 {[%emt 0:00:01]} c5 {[%emt 0:00:00]} 2. c3 {[%emt 0:00:00]} Nf6 {[%emt 0:00:00]} 3. Nf3 {[%emt 0:00:02]} cxd4 {[%emt 0:00:00]} 4. g3 {[%emt 0:00:00]} d5 {[%emt 0:00:00]} 5. cxd4 {[%emt 0:00:01]} Nc6 {[%emt 0:00:00]} 6. Bg2 {[%emt 0:00:00]} Bf5 {[%emt 0:00:00]} 7. O-O {[%emt 0:00:00]} e6 {[%emt 0:00:00]} 8. Ne5 {[%emt 0:00:00]} Bd6 {[%emt 0:00:01]} 9. Nxc6 {[%emt 0:00:02]} bxc6 {[%emt 0:00:00]} 10. Qa4 {[%emt 0:00:00]} Qe7 {[%emt 0:00:01]} 11. Qxc6+ {[%emt 0:00:02]} Nd7 {[%emt 0:00:02]} 12. Qxa8+ {[%emt 0:00:01]} Bb8 {[%emt 0:00:00]} 13. Qb7 {[%emt 0:00:02]} O-O {[%emt 0:00:01]} 14. Nc3 {[%emt 0:00:00]} Qd6 {[%emt 0:00:01]} 15. Bf4 {[%emt 0:00:01]} Qb6 {[%emt 0:00:03]} 16. Qxd7 {[%emt 0:00:02]} Rd8 {[%emt 0:00:04]} 17. Qb5 {[%emt 0:00:01]} Bxf4 {[%emt 0:00:03]} 18. Qxb6 {[%emt 0:00:01]} axb6 {[%emt 0:00:00]} 19. gxf4 {[%emt 0:00:00]} Rc8 {[%emt 0:00:01]} 20. Rac1 {[%emt 0:00:00]} b5 {[%emt 0:00:00] Fat Kevin gibt auf Fat Kevin gibt auf Fat Kevin gibt auf} 21. Nxd5 {[%emt 0:00:01] (Lag: Av=0.97s, max=1.4s) (Lag: Av=0.97s, max=1.4s) (Lag: Av=0.97s, max=1.4s)} 1-0

[Event "Stay Safe Play From Home 409"]
[Site "Emanuel Lasker Arena"]
[Date "2020.08.25"]
[Round "4"]
[White "lazieri3"]
[Black "TheCHESSHOUSE"]
[Result "1-0"]
[WhiteElo "1928"]
[BlackElo "2114"]
[PlyCount "85"]
[EventDate "2020.08.25"]
[EventType "swiss (blitz)"]

1. e4 {[%emt 0:00:02]} c5 {[%emt 0:00:01]} 2. Nc3 {[%emt 0:00:00]} d6 {[%emt 0:00:00]} 3. d3 {[%emt 0:00:00]} Nf6 {[%emt 0:00:02]} 4. Nf3 {[%emt 0:00:00]} g6 {[%emt 0:00:00]} 5. Be3 {[%emt 0:00:00]} Bg7 {[%emt 0:00:00]} 6. Qd2 {[%emt 0:00:00]} Nc6 {[%emt 0:00:00]} 7. Bh6 {[%emt 0:00:00]} O-O {[%emt 0:00:02]} 8. h4 {[%emt 0:00:01]} Bxh6 {[%emt 0:00:00]} 9. Qxh6 {[%emt 0:00:02]} Ng4 {[%emt 0:00:00]} 10. Qd2 {[%emt 0:00:00]} h5 {[%emt 0:00:00]} 11. Be2 {[%emt 0:00:01]} Kh7 {[%emt 0:00:03]} 12. Ng5+ {[%emt 0:00:01]} Kg7 {[%emt 0:00:01]} 13. f3 {[%emt 0:00:01]} Nge5 {[%emt 0:00:02]} 14. Nd5 {[%emt 0:00:04]} e6 {[%emt 0:00:01]} 15. Ne3 {[%emt 0:00:01]} Nd4 {[%emt 0:00:01]} 16. c3 {[%emt 0:00:02]} Ndc6 {[%emt 0:00:03]} 17. g4 {[%emt 0:00:01]} f6 {[%emt 0:00:02]} 18. Nh3 {[%emt 0:00:03]} hxg4 {[%emt 0:00:01]} 19. fxg4 {[%emt 0:00:01]} Rh8 {[%emt 0:00:01]} 20. h5 {[%emt 0:00:01]} g5 {[%emt 0:00:01]} 21. Nc4 {[%emt 0:00:04]} Nxc4 {[%emt 0:00:02]} 22. dxc4 {[%emt 0:00:00]} Ne5 {[%emt 0:00:00]} 23. O-O-O {[%emt 0:00:02]} Qa5 {[%emt 0:00:08]} 24. Nxg5 {[%emt 0:00:01]} Qxa2 {[%emt 0:00:04]} 25. h6+ {[%emt 0:00:05]} Kg6 {[%emt 0:00:04]} 26. Nf3 {[%emt 0:00:03]} Qa1+ {[%emt 0:00:04]} 27. Kc2 {[%emt 0:00:01]} Qa4+ {[%emt 0:00:00]} 28. Kb1 {[%emt 0:00:01]} Nxc4 {[%emt 0:00:09]} 29. Bxc4 {[%emt 0:00:05]} Qxc4 {[%emt 0:00:00]} 30. Nh4+ {[%emt 0:00:01]} Kf7 {[%emt 0:00:01]} 31. g5 {[%emt 0:00:03]} Qxe4+ {[%emt 0:00:02]} 32. Qd3 {[%emt 0:00:01]} fxg5 {[%emt 0:00:00]} 33. Qxe4 {[%emt 0:00:01]} d5 {[%emt 0:00:01]} 34. Rhf1+ {[%emt 0:00:02]} Ke7 {[%emt 0:00:00]} 35. Ng6+ {[%emt 0:00:01]} Kd8 {[%emt 0:00:01]} 36. Qe5 {[%emt 0:00:01]} Bd7 {[%emt 0:00:00]} 37. Nxh8 {[%emt 0:00:01]} Kc8 {[%emt 0:00:01]} 38. Qd6 {[%emt 0:00:01]} b6 {[%emt 0:00:00]} 39. Rf8+ {[%emt 0:00:01]} Kb7 {[%emt 0:00:00]} 40. Rxa8 {[%emt 0:00:01]} Ka6 {[%emt 0:00:00]} 41. Qxd7 {[%emt 0:00:01]} Ka5 {[%emt 0:00:00]} 42. Qxa7+ {[%emt 0:00:01]} Kb5 {[%emt 0:00:01]} 43. Qa4# {[%emt 0:00:00] (Lag: Av=0.75s, max=1.2s) (Lag: Av=0.75s, max=1.2s) (Lag: Av=0.75s, max=1.2s)} 1-0

[Event "Stay Safe Play From Home 409"]
[Site "Emanuel Lasker Arena"]
[Date "2020.08.25"]
[Round "4"]
[White "Ao017545"]
[Black "Stefanone"]
[Result "0-1"]
[WhiteElo "1593"]
[BlackElo "2030"]
[Annotator "NA"]
[PlyCount "104"]
[EventDate "2020.08.25"]
[EventType "swiss (blitz)"]

1. e4 {[%emt 0:00:01]} d6 {[%emt 0:00:01]} 2. Nf3 {[%emt 0:00:00]} g6 {[%emt 0:00:00]} 3. Nc3 {[%emt 0:00:00]} Bg7 {[%emt 0:00:00]} 4. d3 {[%emt 0:00:00]} e5 {[%emt 0:00:00]} 5. d4 {[%emt 0:00:02]} Nc6 {[%emt 0:00:00]} 6. d5 {[%emt 0:00:01]} Nce7 {[%emt 0:00:01]} 7. Bg5 {[%emt 0:00:02]} f5 {[%emt 0:00:00]} 8. exf5 {[%emt 0:00:03]} Bxf5 {[%emt 0:00:00]} 9. Nh4 {[%emt 0:00:01]} h6 {[%emt 0:00:02]} 10. Nxf5 {[%emt 0:00:01]} gxf5 {[%emt 0:00:00]} 11. Qh5+ {[%emt 0:00:01]} Kd7 {[%emt 0:00:01]} 12. Bh4 {[%emt 0:00:02]} Qe8 {[%emt 0:00:01]} 13. Bb5+ {[%emt 0:00:05]} c6 {[%emt 0:00:01]} 14. dxc6+ {[%emt 0:00:01]} bxc6 {[%emt 0:00:00]} 15. Qxe8+ {[%emt 0:00:01]} Rxe8 {[%emt 0:00:00]} 16. Bxe7 {[%emt 0:00:02]} cxb5 {[%emt 0:00:02]} 17. Bh4 {[%emt 0:00:04]} Nf6 {[%emt 0:00:01]} 18. Bxf6 {[%emt 0:00:03]} Bxf6 {[%emt 0:00:01]} 19. Nxb5 {[%emt 0:00:00]} Rb8 {[%emt 0:00:01]} 20. a4 {[%emt 0:00:02]} a6 {[%emt 0:00:00]} 21. Nc3 {[%emt 0:00:04]} Rxb2 {[%emt 0:00:01]} 22. O-O-O {[%emt 0:00:01]} Rbb8 {[%emt 0:00:02]} 23. Rhe1 {[%emt 0:00:02]} e4 {[%emt 0:00:00]} 24. f3 {[%emt 0:00:02]} Bxc3 {[%emt 0:00:01]} 25. fxe4 {[%emt 0:00:02]} Bxe1 {[%emt 0:00:01]} 26. Rxe1 {[%emt 0:00:01]} fxe4 {[%emt 0:00:01]} 27. Rxe4 {[%emt 0:00:01]} Rhe8 {[%emt 0:00:01]} 28. Rxe8 {[%emt 0:00:02]} Rxe8 {[%emt 0:00:00]} 29. Kd1 {[%emt 0:00:01]} Rb8 {[%emt 0:00:01]} 30. Kd2 {[%emt 0:00:00]} Rb4 {[%emt 0:00:01]} 31. Kc3 {[%emt 0:00:00]} Rxa4 {[%emt 0:00:01]} 32. Kb3 {[%emt 0:00:00]} Rf4 {[%emt 0:00:01]} 33. c4 {[%emt 0:00:00]} Rf2 {[%emt 0:00:01]} 34. Kb4 {[%emt 0:00:00]} Rxg2 {[%emt 0:00:01]} 35. Ka5 {[%emt 0:00:00]} Rxh2 {[%emt 0:00:00]} 36. Kxa6 {[%emt 0:00:02]} h5 {[%emt 0:00:00]} 37. Kb5 {[%emt 0:00:00]} Kc8 {[%emt 0:00:01]} 38. c5 {[%emt 0:00:00]} dxc5 {[%emt 0:00:00]} 39. Kxc5 {[%emt 0:00:01]} h4 {[%emt 0:00:00]} 40. Kd5 {[%emt 0:00:00]} h3 {[%emt 0:00:00]} 41. Ke4 {[%emt 0:00:00]} Rg2 {[%emt 0:00:00]} 42. Kf3 {[%emt 0:00:00]} Rg8 {[%emt 0:00:00]} 43. Kf2 {[%emt 0:00:01]} h2 {[%emt 0:00:00]} 44. Kf1 {[%emt 0:00:01]} h1=Q+ {[%emt 0:00:00]} 45. Kf2 {[%emt 0:00:00]} Qh7 {[%emt 0:00:00]} 46. Kf3 {[%emt 0:00:00]} Qf7+ {[%emt 0:00:00]} 47. Ke4 {[%emt 0:00:01]} Rg6 {[%emt 0:00:00]} 48. Ke5 {[%emt 0:00:01]} Re6+ {[%emt 0:00:00]} 49. Kd5 {[%emt 0:00:01]} Qd7+ {[%emt 0:00:00]} 50. Kc5 {[%emt 0:00:00]} Rc6+ {[%emt 0:00:01]} 51. Kb5 {[%emt 0:00:00]} Qb7+ {[%emt 0:00:00]} 52. Ka5 {[%emt 0:00:00]} Ra6# {[%emt 0:00:00] (Lag: Av=0.59s, max=1.1s) (Lag: Av=0.59s, max=1.1s) (Lag: Av=0.59s, max=1.1s)} 0-1

[Event "Stay Safe Play From Home 409"]
[Site "Emanuel Lasker Arena"]
[Date "2020.08.25"]
[Round "4"]
[White "Klasman"]
[Black "Trotsky"]
[Result "0-1"]
[WhiteElo "1321"]
[BlackElo "1609"]
[Annotator "NA"]
[PlyCount "50"]
[EventDate "2020.08.25"]
[EventType "swiss (blitz)"]

1. f4 {[%emt 0:00:02]} d5 {[%emt 0:00:01]} 2. e3 {[%emt 0:00:03]} e6 {[%emt 0:00:01]} 3. d4 {[%emt 0:00:07]} c5 {[%emt 0:00:01]} 4. c3 {[%emt 0:00:02]} Nc6 {[%emt 0:00:01]} 5. Nf3 {[%emt 0:00:05]} Nf6 {[%emt 0:00:01]} 6. Bb5 {[%emt 0:00:02]} Bd6 {[%emt 0:00:01]} 7. Bxc6+ {[%emt 0:00:02]} bxc6 {[%emt 0:00:01]} 8. Ne5 {[%emt 0:00:01]} Qc7 {[%emt 0:00:01]} 9. Nd2 {[%emt 0:00:05]} Bd7 {[%emt 0:00:03]} 10. Ndf3 {[%emt 0:00:02]} h6 {[%emt 0:00:02]} 11. O-O {[%emt 0:00:02]} g5 {[%emt 0:00:02]} 12. fxg5 {[%emt 0:00:02]} Ng4 {[%emt 0:00:02]} 13. Nxf7 {[%emt 0:00:02]} Kxf7 {[%emt 0:00:03]} 14. Ne5+ {[%emt 0:00:01]} Ke8 {[%emt 0:00:01]} 15. Nxg4 {[%emt 0:00:01]} h5 {[%emt 0:00:02]} 16. Nf6+ {[%emt 0:00:01]} Kd8 {[%emt 0:00:01]} 17. Nxh5 {[%emt 0:00:02]} Bxh2+ {[%emt 0:00:02]} 18. Kh1 {[%emt 0:00:03]} Bg3 {[%emt 0:00:04]} 19. Qf3 {[%emt 0:00:03]} Kc8 {[%emt 0:00:05]} 20. Kg1 {[%emt 0:00:02]} Bd6 {[%emt 0:00:03]} 21. Nf6 {[%emt 0:00:03]} Kb7 {[%emt 0:00:05]} 22. b4 {[%emt 0:00:02]} e5 {[%emt 0:00:02]} 23. bxc5 {[%emt 0:00:02]} Be7 {[%emt 0:00:02]} 24. Nxd7 {[%emt 0:00:01]} Qxd7 {[%emt 0:00:01]} 25. Rb1+ {[%emt 0:00:01]} Ka6 {[%emt 0:00:02] Time Time Time (Lag: Av=0.31s, max=0.4s) (Lag: Av=0.31s, max=0.4s) (Lag: Av=0.31s, max=0.4s)} 0-1

[Event "Stay Safe Play From Home 409"]
[Site "Emanuel Lasker Arena"]
[Date "2020.08.25"]
[Round "5"]
[White "Mepe_Nika"]
[Black "IceQueen"]
[Result "0-1"]
[WhiteElo "2410"]
[BlackElo "2284"]
[PlyCount "124"]
[EventDate "2020.08.25"]
[EventType "swiss (blitz)"]

1. d4 {[%emt 0:00:01]} Nf6 {[%emt 0:00:01]} 2. Nf3 {[%emt 0:00:01]} g6 {[%emt 0:00:00]} 3. c4 {[%emt 0:00:01]} Bg7 {[%emt 0:00:00]} 4. Nc3 {[%emt 0:00:00]} O-O {[%emt 0:00:00]} 5. e3 {[%emt 0:00:00]} d6 {[%emt 0:00:00]} 6. Be2 {[%emt 0:00:00]} Nc6 {[%emt 0:00:00]} 7. d5 {[%emt 0:00:01]} Nb8 {[%emt 0:00:01]} 8. O-O {[%emt 0:00:00]} c6 {[%emt 0:00:00]} 9. e4 {[%emt 0:00:01]} cxd5 {[%emt 0:00:00]} 10. exd5 {[%emt 0:00:01]} Nbd7 {[%emt 0:00:01]} 11. h3 {[%emt 0:00:00]} b6 {[%emt 0:00:01]} 12. Re1 {[%emt 0:00:01]} Ba6 {[%emt 0:00:00]} 13. Bf1 {[%emt 0:00:01]} Rc8 {[%emt 0:00:01]} 14. Bg5 {[%emt 0:00:01]} Bxc4 {[%emt 0:00:01]} 15. Bxc4 {[%emt 0:00:01]} Rxc4 {[%emt 0:00:00]} 16. Qe2 {[%emt 0:00:01]} Rc7 {[%emt 0:00:06]} 17. Qxe7 {[%emt 0:00:00]} Re8 {[%emt 0:00:02]} 18. Qxd8 {[%emt 0:00:02]} Rxd8 {[%emt 0:00:00]} 19. Nb5 {[%emt 0:00:01]} Rc5 {[%emt 0:00:02]} 20. Nxd6 {[%emt 0:00:03]} Rxd5 {[%emt 0:00:01]} 21. Ne4 {[%emt 0:00:03]} h6 {[%emt 0:00:02]} 22. Nxf6+ {[%emt 0:00:02]} Nxf6 {[%emt 0:00:01]} 23. Bf4 {[%emt 0:00:02]} g5 {[%emt 0:00:01]} 24. Bg3 {[%emt 0:00:01]} R8d7 {[%emt 0:00:01]} 25. Rac1 {[%emt 0:00:01]} Nh5 {[%emt 0:00:01]} 26. Rc8+ {[%emt 0:00:01]} Kh7 {[%emt 0:00:01]} 27. Bb8 {[%emt 0:00:01]} Bxb2 {[%emt 0:00:01]} 28. Ree8 {[%emt 0:00:01]} Nf4 {[%emt 0:00:02]} 29. Bxf4 {[%emt 0:00:02]} gxf4 {[%emt 0:00:01]} 30. Kh2 {[%emt 0:00:00]} Bf6 {[%emt 0:00:01]} 31. Rf8 {[%emt 0:00:01]} Bg7 {[%emt 0:00:02]} 32. Rfe8 {[%emt 0:00:01]} b5 {[%emt 0:00:01]} 33. Re4 {[%emt 0:00:01]} a5 {[%emt 0:00:01]} 34. Rxf4 {[%emt 0:00:01]} b4 {[%emt 0:00:00]} 35. Rb8 {[%emt 0:00:01]} Rd3 {[%emt 0:00:03]} 36. g3 {[%emt 0:00:01]} Ra3 {[%emt 0:00:00]} 37. Kg2 {[%emt 0:00:02]} Rxa2 {[%emt 0:00:00]} 38. Nh4 {[%emt 0:00:00]} Ra3 {[%emt 0:00:01]} 39. Nf5 {[%emt 0:00:01]} Kg6 {[%emt 0:00:01]} 40. h4 {[%emt 0:00:03]} Be5 {[%emt 0:00:01]} 41. Rg8+ {[%emt 0:00:04]} Kh7 {[%emt 0:00:01]} 42. Nxh6 {[%emt 0:00:02]} Bxf4 {[%emt 0:00:03]} 43. gxf4 {[%emt 0:00:00]} Kxh6 {[%emt 0:00:01]} 44. h5 {[%emt 0:00:01]} f6 {[%emt 0:00:01]} 45. Rf8 {[%emt 0:00:01]} Rg7+ {[%emt 0:00:00]} 46. Kf1 {[%emt 0:00:01]} Ra1+ {[%emt 0:00:01]} 47. Ke2 {[%emt 0:00:00]} b3 {[%emt 0:00:00]} 48. Rxf6+ {[%emt 0:00:01]} Kxh5 {[%emt 0:00:00]} 49. Rb6 {[%emt 0:00:00]} a4 {[%emt 0:00:01]} 50. Kf3 {[%emt 0:00:00]} Ra2 {[%emt 0:00:00]} 51. f5 {[%emt 0:00:01]} Rf7 {[%emt 0:00:01]} 52. Ke4 {[%emt 0:00:01]} Rxf2 {[%emt 0:00:01]} 53. Rb4 {[%emt 0:00:01]} R2xf5 {[%emt 0:00:00]} 54. Ke3 {[%emt 0:00:01]} Rf3+ {[%emt 0:00:01]} 55. Ke2 {[%emt 0:00:01]} Rf2+ {[%emt 0:00:00]} 56. Ke3 {[%emt 0:00:00]} b2 {[%emt 0:00:01]} 57. Rb5+ {[%emt 0:00:00]} R7f5 {[%emt 0:00:01]} 58. Rxb2 {[%emt 0:00:00]} Rxb2 {[%emt 0:00:01]} 59. Ke4 {[%emt 0:00:00]} Rb3 {[%emt 0:00:00]} 60. Kd4 {[%emt 0:00:00]} a3 {[%emt 0:00:00]} 61. Ke4 {[%emt 0:00:00]} a2 {[%emt 0:00:00]} 62. Kd4 {[%emt 0:00:00]} Rb4+ {[%emt 0:00:00] Time Time Time (Lag: Av=0.47s, max=1.1s) (Lag: Av=0.47s, max=1.1s) (Lag: Av=0.47s, max=1.1s)} 0-1